000 01995cam a2200541 i 4500
001 data
005 20260322212107.0
006 data
007 data
008 data
035 _a21744006
906 _a0
_bibc
_corignew
_du
_encip
_f20
_gy-gencatlg
010 _a 2019668738
035 _a(OCoLC)1102670502
_z(OCoLC)827226232
040 _aOCLCE
_beng
_epn
_epn
_cOCLCE
_dDLC
_dOCLCQ
_dGPO
_dOCLCO
_dDLC
042 _apcc
074 _a0818-J-06 (online)
082 0 4 _a346.04
084 _acci1icc
_2lacc
084 _acoll1
_2lacc
086 0 _aLC 42.2:P 94/2
086 0 _aLC 42.20:F 76/4
088 _aLRA-P-PUB-000839
097 0 0 _aK690
245 0 0 _aForeign approaches to the division of matrimonial property /
_cprepared by members of the staff.
264 1 _aWashington, D.C. :
_bLibrary of Congress, Law Library,
_c1978.
300 _a1 online resource (172 pages).
336 _atext
_btxt
_2rdacontent
337 _acomputer
_bc
_2rdamedia
338 _aonline resource
_bcr
_2rdacarrier
490 1 _aLaw library publications
504 _aIncludes bibliographical references.
588 _aDescription based on online resource; title from PDF title page (Law Library of Congress, viewed August 2, 2021).
650 0 _aMarital property.
650 0 _aSeparate property.
650 0 _aCommunity property.
650 7 _aCommunity property.
_2fast
_0(OCoLC)fst00871142
650 7 _aMarital property.
_2fast
_0(OCoLC)fst01010075
650 7 _aSeparate property.
_2fast
_0(OCoLC)fst01112692
776 0 8 _iPrint version:
_aLibrary of Congress. Law Library.
_tForeign approaches to the division of matrimonial property
_w(OCoLC)4653198
_w(OCoLC)4653198
830 0 _aLaw Library publications.
856 4 0 _dllglrdppub
_f2019668738
_uhttps://hdl.loc.gov/loc.law/llglrdppub.2019668738
856 4 0 _uhttps://purl.fdlp.gov/GPO/gpo152781
985 _all/glrd/ppub
_ebatch4
985 _allpub
991 _bs-Online
_hElectronic Resource
999 _c1586
_d1586